[Event "Laval op"]
[Site "Laval CAN"]
[Date "2025.06.22"]
[Round "5.4"]
[White "Guillemette, Hugo"]
[Black "Pomerantz, Daniel"]
[Result "1-0"]
[Annotator "hugh_"]
[WhiteElo "2174"]
[BlackElo "1941"]
[WhiteFideId "-1"]
[WhiteFideId "-1"]
[PlyCount "175"]
[GameId "2191629758226432"]
[EventDate "2025.06.19"]
[EventType "swiss"]
[EventRounds "5"]
[EventCountry "CAN"]

{[%evp 0,90,11,28,33,18,17,15,22,102,53,27,21,22,43,37,38,38,26,26,27,26,112,26,30,90,12,6,12,18,-40,6,-2,-12,-10,5,-9,14,31,-26,-16,-23,3,12,0,11,-8,113,45,95,-11,49,63,69,55,28,61,59,5,54,62,64,93,106,146,86,30,54,-60,65,123,78,137,187,140,210,186,135,125,161,130,191,158,152,12,139,151,159,158,142,159,150,153]} 1. e4 e5 2. Nf3 Nc6 3. Bb5 a6 4. Ba4 Nf6 5. O-O d6 6. Re1 Bd7 7. c3 g6 8. d4 Bg7 9. h3 O-O 10. Bb3 h6 11. dxe5 Nxe5 12. Nxe5 dxe5 13. Nd2 Bc6 14. Qc2 Qe7 15. Nf1 Rfd8 16. Ng3 Nd7 17. Be3 Nc5 18. Bc4 b5 19. Bf1 Ne6 20. Rad1 Nf4 21. Qc1 Qh4 22. a3 Bf8 23. b4 Bd6 24. c4 Kh7 25. Qc3 Qf6 26. cxb5 Bxb5 27. Bc4 h5 28. Bxf4 Bxc4 29. Bxe5 Bxe5 30. Qxc4 h4 31. Nf1 Bd4 32. Qe2 Bc3 33. Rxd8 Rxd8 34. Rd1 Bd4 35. Ne3 Bxe3 36. Rxd8 Qxd8 37. Qxe3 Qd1+ 38. Kh2 Qd6+ 39. e5 Qe6 40. Qf4 Kg7 41. Qxh4 Qxe5+ 42. Qg3 Qe7 43. Qc3+ Kg8 44. Qc6 Qe5+ 45. g3 Qb2 46. Qf3 Qc2 47. Kg2 Kg7 48. h4 c5 49. Qc6 c4 50. a4 c3 51. b5 axb5 52. axb5 Qb2 53. b6 c2 54. b7 c1=Q 55. Qxc1 Qxc1 56. b8=Q Qc6+ 57. Kh2 Qf3 58. Qb6 Qf5 59. Qd4+ Kg8 60. Kg2 Kh7 61. g4 Qe6 62. Kg3 Qe7 63. Qe3 Qd6+ 64. Qf4 Qd3+ 65. Qf3 Qd6+ 66. Qf4 Qd3+ 67. f3 Qd5 68. Qf6 Qc4 69. h5 gxh5 70. gxh5 Qc7+ 71. Kg4 Qa7 72. Qf5+ Kg7 73. Qe5+ f6 74. Qg3 Kh7 75. Kf5 Qc5+ 76. Kxf6 Qd4+ 77. Kg5 Qd8+ 78. Kg4 Qd7+ 79. Kh4 Qe7+ 80. Kh3 Qe6+ 81. Qg4 Qf6 82. Qg6+ Qxg6 83. hxg6+ Kg7 84. Kh4 Kh6 85. g7 Kxg7 86. Kg5 Kf7 87. Kf5 Ke7 88. Kg6 1-0

[Event "Laval op"]
[Site "Laval CAN"]
[Date "2025.06.22"]
[Round "5.5"]
[White "Duval, Mathieu"]
[Black "Nassar, Marc"]
[Result "0-1"]
[WhiteElo "1922"]
[BlackElo "1924"]
[WhiteFideId "-1"]
[WhiteFideId "-1"]
[PlyCount "58"]
[GameId "2191629758251008"]
[EventDate "2025.06.19"]
[EventType "swiss"]
[EventRounds "5"]
[EventCountry "CAN"]

1. d4 c5 2. d5 d6 3. c4 Nf6 4. Nc3 e5 5. e4 Be7 6. Be2 Nbd7 7. Nf3 Nf8 8. Be3 Ng6 9. Qd2 Ng4 10. O-O-O h6 11. h3 Nxe3 12. fxe3 Bd7 13. Nh2 O-O 14. Bh5 a6 15. Bg4 Be8 16. Be2 Rb8 17. a4 Bd7 18. Rdf1 Qe8 19. b3 Bd8 20. Bg4 Ba5 21. Bxd7 Qxd7 22. h4 b5 23. cxb5 axb5 24. h5 Ne7 25. Rf3 bxa4 26. Rg3 Rxb3 27. Ng4 Kh8 28. Nf6 Qb7 29. Qf2 Rxc3+ 0-1

[Event "Laval op"]
[Site "Laval CAN"]
[Date "2025.06.22"]
[Round "5.6"]
[White "Richard, Leo"]
[Black "Berube, Antoine"]
[Result "0-1"]
[WhiteElo "2014"]
[BlackElo "2172"]
[WhiteFideId "-1"]
[WhiteFideId "-1"]
[PlyCount "44"]
[GameId "2192332180279362"]
[EventDate "2025.06.19"]
[EventType "swiss"]
[EventRounds "5"]
[EventCountry "CAN"]

1. e4 c5 2. Nc3 Nc6 3. Nge2 Nd4 4. Nxd4 cxd4 5. Nb5 e5 6. Bc4 Nf6 7. c3 a6 8. Na3 Bxa3 9. bxa3 O-O 10. cxd4 exd4 11. Bd3 Nxe4 12. Bxe4 Re8 13. f3 d5 14. d3 dxe4 15. fxe4 Qh4+ 16. g3 Qh3 17. Rf1 Bg4 18. Qd2 f5 19. Qc2 fxe4 20. Qc4+ Kh8 21. Qxd4 exd3+ 22. Be3 Rad8 0-1

[Event "Laval op"]
[Site "Laval CAN"]
[Date "2025.06.22"]
[Round "5.7"]
[White "Masse, Hugues"]
[Black "Barrera, Eduardo"]
[Result "1-0"]
[WhiteElo "2259"]
[BlackElo "1901"]
[WhiteFideId "-1"]
[WhiteFideId "-1"]
[PlyCount "55"]
[GameId "2192332180279363"]
[EventDate "2025.06.19"]
[EventType "swiss"]
[EventRounds "5"]
[EventCountry "CAN"]

1. d4 d5 2. Nf3 Nf6 3. Bf4 c5 4. e3 Nc6 5. Nbd2 Nh5 6. dxc5 Nxf4 7. exf4 e6 8. Nb3 Bxc5 9. Nxc5 Qa5+ 10. c3 Qxc5 11. Bd3 h6 12. O-O O-O 13. Bc2 Qe7 14. Qd3 g6 15. Ba4 a5 16. Rfe1 Qf6 17. Qd2 Na7 18. Ne5 b5 19. Bc2 Rd8 20. g4 Bd7 21. g5 Qg7 22. Ng4 h5 23. Nf6+ Kh8 24. Re3 Nc8 25. Qe2 Nd6 26. Rh3 Nf5 27. Bxf5 exf5 28. Rxh5+ 1-0

[Event "Laval op"]
[Site "Laval CAN"]
[Date "2025.06.22"]
[Round "5.8"]
[White "Zhu, Hong Rui"]
[Black "Iordanescu, Victor Nicolae"]
[Result "1-0"]
[WhiteElo "2329"]
[BlackElo "2041"]
[WhiteFideId "-1"]
[WhiteFideId "-1"]
[PlyCount "79"]
[GameId "2192332180279364"]
[EventDate "2025.06.19"]
[EventType "swiss"]
[EventRounds "5"]
[EventCountry "CAN"]

1. e4 c5 2. Nf3 d6 3. d4 cxd4 4. Nxd4 Nf6 5. Nc3 a6 6. h3 e5 7. Nde2 h5 8. g3 Be6 9. Bg2 Be7 10. Bg5 Nbd7 11. Qd2 Qc7 12. Nd1 Rc8 13. Nec3 b5 14. a3 Nb6 15. Ne3 Nc4 16. Nxc4 Bxc4 17. f4 a5 18. Nd1 g6 19. Ne3 h4 20. b3 Be6 21. f5 Bd7 22. fxg6 fxg6 23. gxh4 Bc6 24. Qd3 Nh5 25. O-O-O Bxg5 26. hxg5 Nf4 27. Qxd6 Qxd6 28. Rxd6 Nxg2 29. Nxg2 Bxe4 30. Rd2 Rc3 31. Re1 Bf5 32. Rxe5+ Kf7 33. Rxb5 Rhc8 34. Ne1 Rxh3 35. Kb2 a4 36. Nd3 axb3 37. Ne5+ Ke6 38. cxb3 Rh1 39. Nc4 Rg1 40. Re5+ 1-0

[Event "Laval op"]
[Site "Laval CAN"]
[Date "2025.06.22"]
[Round "5.9"]
[White "Mok, Yuen Tak"]
[Black "Berube, Maximilien"]
[Result "1-0"]
[WhiteElo "2090"]
[BlackElo "2144"]
[WhiteFideId "-1"]
[WhiteFideId "-1"]
[PlyCount "47"]
[GameId "2192332180279365"]
[EventDate "2025.06.19"]
[EventType "swiss"]
[EventRounds "5"]
[EventCountry "CAN"]

1. e4 e5 2. Nf3 Nc6 3. Bb5 a6 4. Ba4 Nf6 5. Qe2 b5 6. Bb3 Bc5 7. c3 d6 8. O-O O-O 9. d3 Be6 10. Be3 Bxe3 11. fxe3 d5 12. exd5 Bxd5 13. Nbd2 e4 14. dxe4 Nxe4 15. Rad1 Bxb3 16. Nxb3 Qe7 17. Nbd4 Ne5 18. Nf5 Nxf3+ 19. Qxf3 Qe6 20. Qg4 g6 21. Nh6+ Kg7 22. Rxf7+ Rxf7 23. Qxe6 Ng5 24. Qd5 1-0

[Event "Laval op"]
[Site "Laval CAN"]
[Date "2025.06.22"]
[Round "5.10"]
[White "Sun, Jonathan"]
[Black "Turgeon, Yoakim"]
[Result "0-1"]
[WhiteElo "1977"]
[BlackElo "2044"]
[WhiteFideId "-1"]
[WhiteFideId "-1"]
[PlyCount "46"]
[GameId "2192332180271156"]
[EventDate "2025.06.19"]
[EventType "swiss"]
[EventRounds "5"]
[EventCountry "CAN"]

1. e4 c6 2. d4 d5 3. exd5 cxd5 4. c4 Nf6 5. Nc3 Nc6 6. Bg5 dxc4 7. Bxc4 h6 8. Bxf6 exf6 9. Nf3 Bd6 10. h3 O-O 11. O-O Bf5 12. a3 Rc8 13. Bd3 Bxd3 14. Qxd3 Qd7 15. Rfe1 Rfd8 16. Rad1 Bb8 17. b4 Ne5 18. Nxe5 fxe5 19. d5 f5 20. Rc1 e4 21. Qd4 b5 22. Red1 Bf4 23. Rb1 Rc4 0-1

[Event "Laval op"]
[Site "Laval CAN"]
[Date "2025.06.22"]
[Round "5.11"]
[White "St-Germain, Jack"]
[Black "Bain-Thouverez, Aurelien"]
[Result "1/2-1/2"]
[WhiteElo "2149"]
[BlackElo "1938"]
[WhiteFideId "-1"]
[WhiteFideId "-1"]
[PlyCount "156"]
[GameId "2192332180271157"]
[EventDate "2025.06.19"]
[EventType "swiss"]
[EventRounds "5"]
[EventCountry "CAN"]

1. e4 d5 2. exd5 Nf6 3. Nc3 Nxd5 4. Bc4 Nb6 5. Bb3 Nc6 6. Nf3 Bf5 7. a3 e6 8. O-O Be7 9. h3 O-O 10. d4 Bf6 11. Ne2 Na5 12. Ba2 Be4 13. Ng3 Bg6 14. Qe2 Nc6 15. Rd1 Qe7 16. c3 Rfe8 17. Ne4 h6 18. Nxf6+ Qxf6 19. Nh2 Nd5 20. Ng4 Qe7 21. c4 Nf6 22. Ne5 Nxe5 23. Qxe5 Qd6 24. Bf4 Qxe5 25. dxe5 Nh7 26. Rd7 Rac8 27. Rad1 Be4 28. Be3 Bc6 29. R7d2 a6 30. f4 Nf8 31. Kf2 Re7 32. b4 Ba4 33. Rd8 Rxd8 34. Rxd8 Re8 35. Rxe8 Bxe8 36. Bb3 Ng6 37. a4 Ne7 38. a5 Nc6 39. Bc5 b6 40. axb6 cxb6 41. Bd6 Nd4 42. Bd1 Bc6 43. g4 Be4 44. Ke3 Bc2 45. Bxc2 Nxc2+ 46. Kd2 Nd4 47. Kd3 Nc6 48. b5 axb5 49. cxb5 Na7 50. Kc4 Nc8 51. Bb4 g6 52. Bd2 Kh7 53. Be3 h5 54. Bd2 hxg4 55. hxg4 Kg7 56. Bb4 Kg8 57. Be1 Kf8 58. Bh4 Ke8 59. Bf6 Kd7 60. Bg5 Kc7 61. Bh6 Kd7 62. Bf8 Kc7 63. Kd4 Kd7 64. Bb4 Na7 65. Kc4 Nc8 66. Ba3 Na7 67. Bd6 Nc8 68. Bb8 Ne7 69. Kd4 Nd5 70. f5 gxf5 71. gxf5 Ne7 72. f6 Nf5+ 73. Ke4 Kc8 74. Bd6 Nxd6+ 75. exd6 Kd7 76. Ke5 Kc8 77. Kf4 Kd7 78. Ke5 Kc8 1/2-1/2

[Event "Laval op"]
[Site "Laval CAN"]
[Date "2025.06.22"]
[Round "5.12"]
[White "Jiang, Barron Jiyu"]
[Black "Desforges, Jean"]
[Result "0-1"]
[WhiteElo "2137"]
[BlackElo "2003"]
[WhiteFideId "-1"]
[WhiteFideId "-1"]
[PlyCount "128"]
[GameId "2192332180271158"]
[EventDate "2025.06.19"]
[EventType "swiss"]
[EventRounds "5"]
[EventCountry "CAN"]

1. e4 d5 2. exd5 Nf6 3. d4 Nxd5 4. c4 Nb6 5. Nc3 e5 6. Nf3 Bg4 7. Be3 Bb4 8. Be2 exd4 9. Nxd4 Bxe2 10. Qxe2 O-O 11. O-O Bxc3 12. bxc3 N8d7 13. Nf3 Qe7 14. Rad1 Rad8 15. Rd4 Ne5 16. Re4 Nxf3+ 17. Qxf3 Qd7 18. Rg4 f5 19. Rd4 Qc8 20. Rh4 g6 21. Qf4 Qd7 22. Qg5 Rde8 23. Bc5 Rf7 24. Bd4 Qe6 25. c5 Nd7 26. h3 c6 27. Kh2 Nxc5 28. Qf4 Nd7 29. g3 c5 30. Be3 b6 31. Bd2 Qc6 32. Rh6 Re4 33. Qf3 Qe6 34. Bf4 Ne5 35. Bxe5 Qxe5 36. Rd1 Kg7 37. Rh5 gxh5 38. Qxh5 Qf6 39. Rd5 h6 40. Qd1 Rfe7 41. Qf3 R4e5 42. Rd8 Qe6 43. Qa8 Re2 44. Kg1 Rd7 45. Rxd7+ Qxd7 46. Qf3 Qe6 47. Qb7+ Qe7 48. Qd5 Re1+ 49. Kh2 Qe4 50. Qd7+ Kg6 51. Qd6+ Kh5 52. g4+ fxg4 53. hxg4+ Kxg4 54. Qd7+ Kg5 55. Qg7+ Kf5 56. Qf7+ Ke5 57. Qe7+ Kd5 58. Qd7+ Kc4 59. Qa4+ Kd3 60. Qb5+ c4 61. Qd7+ Ke2 62. f3 Qh4+ 63. Kg2 Qh1+ 64. Kg3 Qxf3+ 0-1

[Event "Laval op"]
[Site "Laval CAN"]
[Date "2025.06.22"]
[Round "5.13"]
[White "Hebrard, Emmanuel"]
[Black "Ali, Nehad"]
[Result "1-0"]
[WhiteElo "2052"]
[BlackElo "1968"]
[WhiteFideId "-1"]
[WhiteFideId "-1"]
[PlyCount "109"]
[GameId "2192332180271159"]
[EventDate "2025.06.19"]
[EventType "swiss"]
[EventRounds "5"]
[EventCountry "CAN"]

1. f4 d5 2. Nf3 e6 3. e3 Nf6 4. d4 c5 5. c3 Nc6 6. Bd3 Bd7 7. O-O c4 8. Bc2 b5 9. Nbd2 Ng4 10. Qe1 f5 11. h3 Nf6 12. Ne5 a5 13. Ndf3 Nxe5 14. Nxe5 Be7 15. g4 O-O 16. b3 g6 17. a4 cxb3 18. Bxb3 bxa4 19. Bxa4 Bxa4 20. Rxa4 Ne4 21. Ba3 Bh4 22. Qa1 Re8 23. Kg2 Qb6 24. Rb1 Qa6 25. c4 Rec8 26. Bc5 Bd8 27. Qa2 Nc3 28. Qc2 Nxb1 29. Qxb1 Rab8 30. Qc2 dxc4 31. Qxc4 Rb2+ 32. Kg3 Qxc4 33. Nxc4 Rc2 34. g5 Ra8 35. Kf3 Kg7 36. Ne5 Rh2 37. Kg3 Rd2 38. Ra1 Rb2 39. Nc6 Bc7 40. d5 Rb5 41. Nd4 Rb7 42. dxe6 a4 43. h4 Ra5 44. Ba3 Ra6 45. Rc1 Bd6 46. Bxd6 Rxd6 47. Rc8 Ra6 48. h5 gxh5 49. Nxf5+ Kg6 50. Nh4+ Kg7 51. f5 Rxe6 52. fxe6 a3 53. e7 a2 54. Nf5+ Kg6 55. e8=Q+ 1-0

[Event "Laval op"]
[Site "Laval CAN"]
[Date "2025.06.22"]
[Round "5.14"]
[White "Dufresne, Christophe"]
[Black "Nassif, Aba"]
[Result "0-1"]
[WhiteElo "1911"]
[BlackElo "2043"]
[WhiteFideId "-1"]
[WhiteFideId "-1"]
[PlyCount "118"]
[GameId "2192332180271160"]
[EventDate "2025.06.19"]
[EventType "swiss"]
[EventRounds "5"]
[EventCountry "CAN"]

1. e4 c5 2. d4 cxd4 3. Qxd4 Nc6 4. Qd3 g6 5. Nf3 Bg7 6. Be2 d6 7. Nc3 Nf6 8. O-O O-O 9. Nd5 Nd7 10. c3 Nc5 11. Qc2 f5 12. Bd3 fxe4 13. Bxe4 Nxe4 14. Qxe4 Bf5 15. Qh4 Qd7 16. Bg5 Rae8 17. Rfe1 Be6 18. Rad1 Bxd5 19. Rxd5 e6 20. Rd3 Ne7 21. Qb4 Nd5 22. Qa3 b5 23. Bh4 a5 24. Bg3 b4 25. cxb4 axb4 26. Qb3 Nf4 27. Rde3 d5 28. Ne5 Qb5 29. Bxf4 Rxf4 30. Nd3 Rd4 31. a3 Bh6 32. Rf3 Re4 33. Rd1 Bf8 34. axb4 Bxb4 35. Rf4 Rxf4 36. Nxf4 Qb8 37. g3 Bd6 38. Qxb8 Bxb8 39. Nd3 e5 40. Nb4 d4 41. Nc6 Bc7 42. b4 Kf7 43. Kg2 Bb6 44. Kf3 e4+ 45. Ke2 d3+ 46. Ke1 Ke6 47. b5 Kd5 48. Rc1 Rf8 49. Nb4+ Kd4 50. Nc6+ Kd5 51. Nb4+ Ke5 52. Nc6+ Kd6 53. f4 e3 54. Rc3 d2+ 55. Ke2 Ra8 56. Rd3+ Ke6 57. Nd4+ Bxd4 58. Rxd4 Ra1 59. b6 Re1+ 0-1

[Event "Laval op"]
[Site "Laval CAN"]
[Date "2025.06.22"]
[Round "5.15"]
[White "Qi, Jason"]
[Black "Pitre, Lucas"]
[Result "1/2-1/2"]
[WhiteElo "1718"]
[BlackElo "2031"]
[WhiteFideId "-1"]
[WhiteFideId "-1"]
[PlyCount "85"]
[GameId "2192332180271161"]
[EventDate "2025.06.19"]
[EventType "swiss"]
[EventRounds "5"]
[EventCountry "CAN"]

1. e4 d6 2. d4 Nf6 3. Nc3 e5 4. f4 exd4 5. Qxd4 Nc6 6. Qe3 Be7 7. Bd3 Nb4 8. a3 Nxd3+ 9. Qxd3 O-O 10. Nf3 a5 11. Be3 b6 12. Nd4 Bb7 13. O-O-O Re8 14. Rde1 d5 15. exd5 Nxd5 16. Nxd5 Qxd5 17. c4 Qd7 18. Qf5 Qxf5 19. Nxf5 Bf8 20. Rhg1 Re4 21. Kd2 Rxc4 22. Rc1 Rd8+ 23. Ke2 Rxc1 24. Rxc1 c5 25. Kf2 g6 26. Ng3 Bg7 27. Rc2 f5 28. Nf1 Be4 29. Re2 Rd1 30. Rd2 Rxd2+ 31. Nxd2 Bxb2 32. Nc4 Bf6 33. Nxb6 Be7 34. Bd2 a4 35. Nxa4 c4 36. Bb4 Kf7 37. g3 Bd8 38. Bc5 Bc2 39. Nc3 Bf6 40. Nd5 Bb2 41. Ke2 Be4 42. Ne3 Ke6 43. Nxc4 1/2-1/2

[Event "Laval op"]
[Site "Laval CAN"]
[Date "2025.06.22"]
[Round "5.16"]
[White "Genzling, Jerome"]
[Black "Hu, Raymond"]
[Result "1/2-1/2"]
[WhiteElo "2182"]
[BlackElo "1944"]
[WhiteFideId "-1"]
[WhiteFideId "-1"]
[PlyCount "173"]
[GameId "2192332180271162"]
[EventDate "2025.06.19"]
[EventType "swiss"]
[EventRounds "5"]
[EventCountry "CAN"]

1. e4 c5 2. Nf3 Nc6 3. Nc3 e6 4. d4 cxd4 5. Nxd4 Nf6 6. g3 Bb4 7. Bg2 Qa5 8. Nde2 O-O 9. O-O Rd8 10. Be3 Ng4 11. Bf4 Qh5 12. h3 Nge5 13. a3 Be7 14. Nd4 Qxd1 15. Raxd1 Nc4 16. Bc1 a6 17. a4 Bf6 18. Nde2 Rb8 19. b3 N4a5 20. f4 b5 21. e5 Be7 22. Be3 d5 23. exd6 Bxd6 24. axb5 axb5 25. Ne4 Be7 26. Nc5 Nb4 27. Rxd8+ Bxd8 28. c3 Nd5 29. Bf2 Bb6 30. Rb1 Nb7 31. b4 Nd6 32. Ra1 Nf5 33. Nd4 Nxd4 34. Bxd4 Bxc5 35. Bxc5 Bb7 36. Ra7 Bc6 37. Bd4 f6 38. Kf2 Ra8 39. Ra5 Kf7 40. Bf1 Rxa5 41. bxa5 Nc7 42. Bb6 Nd5 43. Bd4 Nc7 44. Ke3 Ke8 45. c4 Kd7 46. a6 bxc4 47. Bxc4 Nd5+ 48. Kf2 Kc7 49. Bc5 Kd7 50. h4 Nc3 51. Ke3 Ne4 52. Bf8 Nxg3 53. a7 Nf5+ 54. Kf2 Nd6 55. Bd3 f5 56. Bxg7 Nc8 57. Bd4 Bd5 58. Be2 Kc7 59. Ba6 Nb6 60. Be5+ Kd8 61. h5 Nc8 62. Bb8 Kd7 63. h6 Ne7 64. Bb5+ Kc8 65. Bd6 Ng8 66. Ba6+ Kd7 67. Bf8 Kc7 68. Bb5 Kb7 69. Be8 Kxa7 70. Bg6 Nxh6 71. Bxh7 Ng4+ 72. Kg3 Kb6 73. Bd6 Nf6 74. Bxf5 exf5 75. Kh4 Be4 76. Be5 Nd5 77. Kg5 Kc5 78. Kh4 Kc4 79. Kg3 Kd3 80. Kf2 Ne3 81. Bb8 Ng4+ 82. Kg3 Nf6 83. Be5 Nd5 84. Bd6 Nc3 85. Bc7 Bd5 86. Be5 Ne2+ 87. Kf2 1/2-1/2

[Event "Laval op"]
[Site "Laval CAN"]
[Date "2025.06.22"]
[Round "5.17"]
[White "Beaupre, Eugene jr"]
[Black "Dube, Daniel"]
[Result "1/2-1/2"]
[WhiteElo "2040"]
[BlackElo "1896"]
[WhiteFideId "-1"]
[WhiteFideId "-1"]
[PlyCount "123"]
[GameId "2192332180279355"]
[EventDate "2025.06.19"]
[EventType "swiss"]
[EventRounds "5"]
[EventCountry "CAN"]

1. d4 d6 2. e4 Nf6 3. Nc3 e5 4. h3 Nbd7 5. Nf3 Be7 6. Bc4 O-O 7. Bg5 c6 8. Bb3 h6 9. Be3 b5 10. a3 Re8 11. O-O a6 12. dxe5 dxe5 13. Qe2 Qc7 14. Rad1 Nc5 15. Ba2 Bf8 16. Nh4 Ncxe4 17. Nxe4 Nxe4 18. Bxh6 Be6 19. Bxe6 Rxe6 20. Bc1 Nf6 21. Rd3 e4 22. Rg3 Bd6 23. Rg5 Bf4 24. Rf5 Bxc1 25. Rxc1 Rae8 26. Rd1 e3 27. Nf3 exf2+ 28. Qxf2 Re2 29. Qh4 Qb6+ 30. Kh1 Qf2 31. Qxf2 Rxf2 32. Nd4 Rxf5 33. Nxf5 g6 34. Ng3 Re6 35. Kg1 Nd5 36. b3 Nc3 37. Rd3 Nb1 38. b4 Re1+ 39. Kh2 Rc1 40. Rb3 Nd2 41. Rc3 Nc4 42. Ne2 Ra1 43. Nd4 Rxa3 44. Rxa3 Nxa3 45. c3 Nb1 46. Nxc6 Nxc3 47. Nb8 Kf8 48. Nxa6 Ke7 49. h4 f5 50. g4 fxg4 51. Kg3 Nd5 52. Kxg4 Kf6 53. h5 gxh5+ 54. Kxh5 Ke6 55. Kg4 Ke5 56. Kf3 Kd4 57. Ke2 Kc3 58. Kd1 Kb3 59. Kd2 Ka3 60. Ke2 Kb3 61. Kf3 Kc4 62. Ke4 1/2-1/2

[Event "Laval op"]
[Site "Laval CAN"]
[Date "2025.06.22"]
[Round "5.18"]
[White "Robichaud, Louis"]
[Black "Wu, Ting En Ryan"]
[Result "0-1"]
[WhiteElo "2022"]
[BlackElo "1881"]
[WhiteFideId "-1"]
[WhiteFideId "-1"]
[PlyCount "60"]
[GameId "2192332180279356"]
[EventDate "2025.06.19"]
[EventType "swiss"]
[EventRounds "5"]
[EventCountry "CAN"]

1. e4 c5 2. Nc3 Nc6 3. Bb5 g6 4. Nf3 Bg7 5. O-O d6 6. d3 Bd7 7. Re1 Nf6 8. Bxc6 Bxc6 9. e5 Ng4 10. Bf4 O-O 11. exd6 exd6 12. h3 Nf6 13. Rb1 Nd5 14. Nxd5 Bxd5 15. c4 Bc6 16. b4 cxb4 17. d4 Qf6 18. Be3 Bxf3 19. gxf3 a5 20. Kg2 Rfc8 21. Qb3 Qh4 22. Red1 Bh6 23. a3 Bxe3 24. fxe3 Qg5+ 25. Kf2 b5 26. Rdc1 Qf5 27. cxb5 Qxh3 28. Rc6 bxa3 29. Rbc1 Rxc6 30. Rxc6 a2 0-1

[Event "Laval op"]
[Site "Laval CAN"]
[Date "2025.06.22"]
[Round "5.19"]
[White "Vaillant, Charles-Etienne"]
[Black "Filion, Samuel"]
[Result "1-0"]
[WhiteElo "1899"]
[BlackElo "1975"]
[WhiteFideId "-1"]
[WhiteFideId "-1"]
[PlyCount "99"]
[GameId "2192332180279357"]
[EventDate "2025.06.19"]
[EventType "swiss"]
[EventRounds "5"]
[EventCountry "CAN"]

1. c4 e6 2. Nf3 d5 3. e3 Nf6 4. Nc3 Be7 5. b3 c5 6. cxd5 exd5 7. d4 b6 8. Bb2 O-O 9. Rc1 Bb7 10. Bd3 Nc6 11. dxc5 Bxc5 12. O-O d4 13. Na4 dxe3 14. Nxc5 exf2+ 15. Rxf2 bxc5 16. a3 Re8 17. Ng5 Ne5 18. Bb5 Qxd1+ 19. Rxd1 Re7 20. Re1 Nfg4 21. Rfe2 h6 22. h3 hxg5 23. hxg4 f6 24. Bxe5 Rxe5 25. Rxe5 fxe5 26. Rxe5 Rd8 27. Bc4+ Kh7 28. Rxc5 Rd1+ 29. Kf2 Rd2+ 30. Ke3 Rxg2 31. Rxg5 Rg3+ 32. Kf4 Rf3+ 33. Ke5 g6 34. Kd6 Bc8 35. Ra5 a6 36. g5 Rg3 37. b4 Kg7 38. Bxa6 Bxa6 39. Rxa6 Rxg5 40. Ra5 Rg1 41. b5 Kf6 42. b6 Rb1 43. Kc6 g5 44. Rb5 Rc1+ 45. Rc5 Rb1 46. b7 g4 47. Kc7 g3 48. b8=Q Rxb8 49. Kxb8 g2 50. Rc1 1-0

[Event "Laval op"]
[Site "Laval CAN"]
[Date "2025.06.22"]
[Round "5.20"]
[White "Desjardins, Michel"]
[Black "Lucas, Jean"]
[Result "1-0"]
[WhiteElo "1946"]
[BlackElo "1756"]
[WhiteFideId "-1"]
[WhiteFideId "-1"]
[PlyCount "113"]
[GameId "2192332180279358"]
[EventDate "2025.06.19"]
[EventType "swiss"]
[EventRounds "5"]
[EventCountry "CAN"]

1. e4 e6 2. d4 d5 3. Nd2 Nf6 4. e5 Nfd7 5. Bd3 c5 6. c3 Nc6 7. Ne2 Qb6 8. Nf3 cxd4 9. cxd4 f6 10. exf6 Nxf6 11. O-O Bd6 12. Bf4 Bxf4 13. Nxf4 O-O 14. g3 Nxd4 15. Nxd4 e5 16. Nxd5 Nxd5 17. Nb3 Nb4 18. Be4 Bh3 19. Qh5 Qh6 20. Qxh6 gxh6 21. Bxb7 Rab8 22. Bg2 Bxg2 23. Kxg2 Nd3 24. Rad1 e4 25. Rd2 Rf7 26. Re2 Re7 27. Rd1 Rd8 28. Rdd2 Rd5 29. Kf1 Kf7 30. Re3 Rh5 31. Kg2 Rd5 32. Rde2 Rde5 33. Nd4 Re8 34. b3 a6 35. f3 Nc1 36. Rc2 Nd3 37. Rc7+ Kg8 38. fxe4 Nb4 39. Nc6 Nd5 40. Nxe5 Nxc7 41. Nc4 Re6 42. e5 Kg7 43. Rd3 Re7 44. Rd6 a5 45. a4 h5 46. Kh3 Kf7 47. Kh4 Ne6 48. Nxa5 Ng7 49. Rf6+ Ke8 50. Nc6 Rc7 51. b4 h6 52. b5 Rd7 53. Kh3 Rd2 54. b6 h4 55. b7 Rb2 56. b8=Q+ Rxb8 57. Nxb8 1-0

[Event "Laval op"]
[Site "Laval CAN"]
[Date "2025.06.22"]
[Round "5.21"]
[White "Zhang, Yitian"]
[Black "Han, Ruochong"]
[Result "1-0"]
[WhiteElo "1892"]
[BlackElo "1661"]
[WhiteFideId "-1"]
[WhiteFideId "-1"]
[PlyCount "63"]
[GameId "2192332180279359"]
[EventDate "2025.06.19"]
[EventType "swiss"]
[EventRounds "5"]
[EventCountry "CAN"]

1. d4 d5 2. c4 c6 3. e3 e6 4. Nf3 Nf6 5. Bd3 dxc4 6. Bxc4 Bb4+ 7. Nc3 Nbd7 8. O-O O-O 9. Bd2 b6 10. Qc2 Bb7 11. a3 Bd6 12. Rfd1 Nd5 13. Rac1 Rc8 14. Bd3 h6 15. Ne4 Bb8 16. b4 N7f6 17. Nxf6+ Nxf6 18. Be1 Qc7 19. Ne5 Nd7 20. f4 Nxe5 21. dxe5 Qe7 22. Qe2 b5 23. Qg4 f5 24. exf6 Qxf6 25. Bh4 Qf7 26. Bg6 Qc7 27. Qxe6+ Kh8 28. Rd7 Qb6 29. Qe7 Rg8 30. Bf6 Rc7 31. Bxg7+ Rxg7 32. Qxg7# 1-0

[Event "Laval op"]
[Site "Laval CAN"]
[Date "2025.06.22"]
[Round "5.23"]
[White "Ivanov Yuan, Maksim"]
[Black "Page, Dany"]
[Result "0-1"]
[WhiteElo "1878"]
[BlackElo "1868"]
[WhiteFideId "-1"]
[WhiteFideId "-1"]
[PlyCount "68"]
[GameId "2192332180279361"]
[EventDate "2025.06.19"]
[EventType "swiss"]
[EventRounds "5"]
[EventCountry "CAN"]

1. e4 c5 2. Nf3 d6 3. d4 cxd4 4. Nxd4 Nf6 5. Nc3 a6 6. f3 e6 7. Be3 b5 8. a3 Bb7 9. Qd2 Nbd7 10. g4 Nb6 11. O-O-O Nfd7 12. Qf2 Rc8 13. Nb3 Rxc3 14. bxc3 Qc7 15. Kb1 Na4 16. Bd2 d5 17. Bd3 Bxa3 18. exd5 Nxc3+ 19. Bxc3 Qxc3 20. Qd4 Qxd4 21. Nxd4 Bxd5 22. Be4 Nb6 23. c3 O-O 24. Rhe1 Rc8 25. Bxd5 Nxd5 26. Ne2 g5 27. Rd3 Bd6 28. h3 Be7 29. Kb2 Bf6 30. Red1 b4 31. Nd4 bxc3+ 32. Kc1 Nb4 33. Re3 c2 34. Nxc2 Rxc2+ 0-1

[Event "Manitoba Closed"]
[Site "Winnipeg CAN"]
[Date "2025.08.08"]
[Round "1.1"]
[White "Baragar, Fletcher"]
[Black "Gres, Yakiv"]
[Result "1-0"]
[WhiteElo "2256"]
[BlackElo "2004"]
[WhiteFideId "-1"]
[WhiteFideId "-1"]
[PlyCount "117"]
[GameId "2226455322376551"]
[EventDate "2025.08.08"]
[EventType "swiss"]
[EventRounds "5"]
[EventCountry "CAN"]

1. d4 Nf6 2. c4 e6 3. Nf3 d5 4. Nc3 Be7 5. Bg5 O-O 6. e3 b6 7. cxd5 Nxd5 8. Bxe7 Qxe7 9. Nxd5 exd5 10. Rc1 Be6 11. Qa4 c5 12. Qa3 Rc8 13. Be2 Rc7 14. O-O Nd7 15. Rfd1 Rd8 16. dxc5 bxc5 17. Qa5 Nb6 18. h3 h6 19. b4 c4 20. Nd4 Qd7 21. e4 Qa4 22. Qxa4 Nxa4 23. Nxe6 fxe6 24. Bxc4 Rdc8 25. exd5 Rxc4 26. Rxc4 Rxc4 27. dxe6 Re4 28. Rd8+ Kh7 29. Rd7 Rxb4 30. e7 Re4 31. Rd4 Rxe7 32. Rxa4 Kg6 33. Ra6+ Kf7 34. h4 Rb7 35. h5 Rd7 36. Kh2 Kg8 37. Kg3 Rf7 38. f3 Kf8 39. Kf2 Re7 40. f4 Kg8 41. Kf3 Kf8 42. g4 Kg8 43. g5 hxg5 44. fxg5 Kh7 45. Kf4 Rf7+ 46. Ke5 Rb7 47. a4 Rd7 48. Ke6 Rb7 49. Kd6 Kg8 50. g6 Kf8 51. Rc6 Rb8 52. Kd7 Re8 53. Rc8 Rxc8 54. Kxc8 Ke7 55. Kb7 a5 56. Kc6 Kf6 57. Kb5 Kg5 58. Kxa5 Kxh5 59. Kb5 1-0